| 000 | 00374nam a2200145Ia 4500 | ||
|---|---|---|---|
| 008 | 230917s9999||||xx |||||||||||||| ||und|| | ||
| 040 |
_e124950 _aMAIN |
||
| 041 | _aEnglish | ||
| 082 | _a361 M474H | ||
| 100 | _aMehr, Josph | ||
| 245 | 0 | _aHuman Services: Concepts and intervention strategies | |
| 260 |
_aLondon _bAllyn and Bacon _c1980 |
||
| 300 | _a286 p. | ||
| 942 | _cBK | ||
| 999 |
_c225273 _d225273 |
||